[Event "HCL-A036"]
[Site "www.playchess.de"]
[Date "2000.12.05"]
[Round "15"]
[White "Felix"]
[Black "mkluwe"]
[WhiteElo "1534"]
[BlackElo "2037"]
[PlyCount "57"]
[Result "1/2-1/2"]

1.d4 e6 2.c4 b6 3.Nc3 Bb7 4.e4 Bb4 5.Bd3 f5 6.Qe2 
Nf6 7.Bg5 fxe4 8.Bxe4 Bxe4 9.Bxf6 Qxf6 10.Qxe4 
Bxc3+ 11.bxc3 O-O 12.Nf3 Nc6 13.O-O Qh6 14.Rfd1 
Rf4 15.Qd3 Raf8 16.Rd2 R8f5 17.Rad1 d6 18.Re2 Qg6 
19.Kh1 Nd8 20.Re4 Qf6 21.Rxf4 Rxf4 22.Re1 Nf7 
23.Qe3 e5 24.Kg1 h6 25.c5 e4 26.cxd6 cxd6 27.Nd2 
Ng5 28.d5 Qg6 29.c4 1/2-1/2

[Event "HCL-A046"]
[Site "www.playchess.de"]
[Date "2000.12.05"]
[Round "8"]
[White "gambitfanatic"]
[Black "paule"]
[WhiteElo "1422"]
[BlackElo "1819"]
[PlyCount "48"]
[Result "0-1"]

1.d4 c5 2.e3 d5 3.b3 Nc6 4.Bb2 Nf6 5.Nf3 Bg4 6.Be2 
e6 7.O-O Bd6 8.Nbd2 O-O 9.Ne5 Bxe2 10.Qxe2 Qc7 
11.f4 cxd4 12.exd4 Nxe5 13.fxe5 Qxc2 14.exf6 Qxb2 
15.Qg4 g6 16.Qg5 Qxd4+ 17.Kh1 Rfc8 18.Rae1 Rc2 
19.Nf3 Qb2 20.Ne5 Rf2 21.Rxf2 Qxf2 22.Nf3 Rc8 
23.Rxe6 fxe6 24.f7+ Kxf7 0-1

[Event "HCL-A046"]
[Site "www.playchess.de"]
[Date "2000.12.05"]
[Round "23"]
[White "Belka"]
[Black "gambitfanatic"]
[WhiteElo "1800"]
[BlackElo "1422"]
[PlyCount "21"]
[Result "1-0"]

1.d4 e5 2.dxe5 d6 3.exd6 Bxd6 4.Nc3 Nf6 5.Bg5 O-O 
6.Qd3 Be6 7.O-O-O Nc6 8.Qf3 Bg4 9.Bxf6 Bxf3 
10.Bxd8 Raxd8 11.Nxf3 1-0

[Event "HCL-A047"]
[Site "www.playchess.de"]
[Date "2000.12.05"]
[Round "5"]
[White "Gearloose"]
[Black "ABBOTS"]
[WhiteElo "2024"]
[BlackElo "1762"]
[PlyCount "24"]
[Result "0-1"]

1.e4 c6 2.d4 d5 3.e5 Bf5 4.Nc3 Qb6 5.g4 Bd7 6.Na4 
Qc7 7.Be3 e6 8.f4 b6 9.Nf3 c5 10.Nc3 a6 11.Bh3 Nc6 
12.f5 cxd4 0-1

[Event "HCL-A048"]
[Site "www.playchess.de"]
[Date "2000.12.05"]
[Round "8"]
[White "nomad"]
[Black "Gearloose"]
[WhiteElo "1675"]
[BlackElo "2016"]
[PlyCount "35"]
[Result "1-0"]

1.f4 d6 2.Nf3 Nd7 3.e4 e5 4.fxe5 Nxe5 5.d4 Nxf3+ 
6.Qxf3 Qh4+ 7.g3 Bg4 8.Qxf7+ Kxf7 9.Bc4+ Kg6 
10.gxh4 Be7 11.O-O Rf8 12.Rxf8 Bxf8 13.Bg5 Ne7 
14.Nc3 h6 15.Be3 Kh5 16.Kf2 Kxh4 17.h3 Bd7 
18.Kf3 1-0

[Event "HCL-A054"]
[Site "www.playchess.de"]
[Date "2000.12.05"]
[Round "1"]
[White "klypp"]
[Black "peze3"]
[WhiteElo "2144"]
[BlackElo "1700"]
[PlyCount "82"]
[Result "0-1"]

1.e4 e5 2.Nf3 Nf6 3.d4 Nxe4 4.Bd3 d5 5.Nxe5 Nd7 
6.Nxd7 Bxd7 7.O-O Qh4 8.c4 O-O-O 9.c5 g5 10.f3 Nf6 
11.Be3 Rg8 12.Nc3 Re8 13.Bf2 Qh6 14.Nb5 a6 15.c6 
bxc6 16.Na3 Bd6 17.Bxa6+ Kd8 18.g3 g4 19.f4 Ne4 
20.Bd3 Bf5 21.Be1 Bxa3 22.bxa3 Qf6 23.Bc2 Nd6 
24.Bf2 Nc4 25.Bxf5 Qxf5 26.Rc1 Kd7 27.a4 h5 28.Qc2 
Qxc2 29.Rxc2 Rea8 30.Re1 Rxa4 31.Rce2 Kd6 32.Kg2 
Rb8 33.f5 Rb2 34.Rxb2 Nxb2 35.Be3 Nd3 36.Re2 c5 
37.dxc5+ Nxc5 38.Bg5 Ne4 39.Bf4+ Kd7 40.h3 Nc3 
41.Rc2 Rxa2 0-1

[Event "HCL-A054"]
[Site "www.playchess.de"]
[Date "2000.12.05"]
[Round "8"]
[White "peze3"]
[Black "schlueter"]
[WhiteElo "1700"]
[BlackElo "1492"]
[PlyCount "34"]
[Result "1-0"]

1.c4 Nf6 2.Nc3 g6 3.d4 Bg7 4.e4 d6 5.Nf3 O-O 6.h3 
c5 7.d5 h6 8.Be3 e5 9.dxe6 e.p 10.Bxe6 Qd2 11.Kh7 
g4 12.h5 O-O-O 13.Nc6 Qxd6 14.Qxd6 Rxd6 15.Ne8 
Ng5+ 16.Kg8 Rxe6 17.Bxc3 Rxc6 1-0

[Event "HCL-A058"]
[Site "www.playchess.de"]
[Date "2000.12.05"]
[Round "11"]
[White "EKALAYA"]
[Black "gbsr"]
[WhiteElo "1935"]
[BlackElo "1700"]
[PlyCount "49"]
[Result "1-0"]

1.e4 d6 2.d4 Nf6 3.Nc3 g6 4.Bg5 Bg7 5.Qd2 O-O 
6.Bc4 c6 7.O-O-O b5 8.Bd3 Qa5 9.h4 Nbd7 10.a3 Rb8 
11.Na2 Qb6 12.Nf3 c5 13.e5 c4 14.exf6 exf6 15.Bxg6 
fxg6 16.Bh6 a5 17.Bxg7 Kxg7 18.h5 g5 19.Rhe1 b4 
20.axb4 axb4 21.Nxg5 fxg5 22.Qxg5+ Kh8 23.Re7 Rg8 
24.Qh6 Nf8 25.Qf6+ 1-0

[Event "HCL-A062"]
[Site "www.playchess.de"]
[Date "2000.12.05"]
[Round "2"]
[White "suffix"]
[Black "peze3"]
[WhiteElo "1885"]
[BlackElo "2168"]
[PlyCount "49"]
[Result "1/2-1/2"]

1.d4 Nf6 2.Bf4 g6 3.Nc3 Bg7 4.Qd2 O-O 5.f3 c5 
6.dxc5 Qa5 7.e4 Qxc5 8.Be3 Qa5 9.Bc4 Nc6 10.Nge2 
a6 11.Bh6 Bxh6 12.Qxh6 b5 13.Bb3 d6 14.h4 Be6 
15.h5 Bxb3 16.cxb3 Ra7 17.Rd1 b4 18.Na4 Ne5 19.Nd4 
Raa8 20.Rh3 Ra7 21.g4 Rb7 22.hxg6 fxg6 23.Ne6 Rf7 
24.Ng5 Rg7 25.Ne6 1/2-1/2

[Event "HCL-B053"]
[Site "www.playchess.de"]
[Date "2000.12.05"]
[Round "36"]
[White "adamant"]
[Black "Jacki"]
[WhiteElo "1200"]
[BlackElo "1500"]
[PlyCount "58"]
[Result "0-1"]

1.d4 d5 2.Nf3 Bg4 3.e3 Nf6 4.h3 Bh5 5.c4 c5 6.Nc3 
e6 7.cxd5 exd5 8.Bd3 Nc6 9.O-O Bd6 10.Re1 O-O 
11.dxc5 Bxc5 12.e4 dxe4 13.Nxe4 Bb4 14.Bd2 Qxd3 
15.Nxf6+ gxf6 16.Re3 Bxf3 17.Rxd3 Bxd1 18.Rxd1 
Bxd2 19.R1xd2 Ne5 20.Rg3+ Ng6 21.h4 Kh8 22.h5 Nf4 
23.Rg4 Nxh5 24.Rh4 Ng7 25.Rd3 h5 26.g4 Kh7 27.f4 
Rac8 28.Rb3 Rc2 29.Rxb7 Rd8 0-1

[Event "HCL-B061"]
[Site "www.playchess.de"]
[Date "2000.12.05"]
[Round "2"]
[White "mrchess"]
[Black "BVLGARI"]
[WhiteElo "1588"]
[BlackElo "1200"]
[PlyCount "61"]
[Result "1-0"]

1.d4 d5 2.c4 e6 3.Nc3 Bb4 4.e3 Nf6 5.Qc2 O-O 6.Nf3 
Ng4 7.Bd3 Nf6 8.O-O b6 9.Bd2 Bb7 10.cxd5 exd5 
11.Rac1 c5 12.a3 Ba5 13.Rfe1 a6 14.Na2 Bxd2 
15.Qxd2 g6 16.dxc5 d4 17.Nxd4 Ne4 18.Bxe4 Bxe4 
19.Qc3 Qg5 20.f3 Bd5 21.b3 Nd7 22.e4 Rae8 23.c6 
Nc5 24.exd5 Rxe1+ 25.Rxe1 Qxd5 26.Qc4 Qxc4 27.bxc4 
Nd3 28.Re3 Nc5 29.Nb4 a5 30.Nd5 Rd8 
31.c7 1-0

[Event "HCL-B073"]
[Site "www.playchess.de"]
[Date "2000.12.05"]
[Round "24"]
[White "Steamhammer"]
[Black "henry"]
[WhiteElo "1200"]
[BlackElo "1098"]
[PlyCount "37"]
[Result "1-0"]

1.e4 e5 2.Nf3 Nc6 3.Bc4 Qf6 4.Nc3 Na5 5.Qe2 c6 
6.O-O Be7 7.a3 d6 8.Ba2 h5 9.b4 Bg4 10.bxa5 Bd8 
11.d3 Bxa5 12.Bd2 Bb6 13.Rab1 Qg6 14.Rfd1 Bh3 
15.g3 f6 16.Nh4 Qh7 17.Na4 Bg4 18.Nf3 h4 
19.gxh4 1-0

[Event "HCL-B083"]
[Site "www.playchess.de"]
[Date "2000.12.05"]
[Round "8"]
[White "Chessamateur"]
[Black "msmsk"]
[WhiteElo "1412"]
[BlackElo "1549"]
[PlyCount "56"]
[Result "1/2-1/2"]

1.d4 Nf6 2.Nf3 c5 3.c3 d5 4.e3 Nc6 5.Bd3 e6 6.Nbd2 
c4 7.Bc2 b5 8.O-O a5 9.e4 Be7 10.e5 Nd7 11.Re1 b4 
12.Nf1 Ba6 13.Ba4 Qb6 14.Ng3 Bb5 15.Bc2 h6 16.Ne2 
O-O 17.h4 Rfb8 18.h5 Qc7 19.Bd2 Rb7 20.Bf4 a4 
21.Qb1 a3 22.bxa3 bxc3 23.Nxc3 Ba4 24.Qc1 Bxc2 
25.Qxc2 Rxa3 26.Rab1 Rxb1 27.Rxb1 Qa5 28.Bd2 
Nb4 1/2-1/2

[Event "HCL-B088"]
[Site "www.playchess.de"]
[Date "2000.12.05"]
[Round "10"]
[White "Riza"]
[Black "Federviech"]
[WhiteElo "1197"]
[BlackElo "1047"]
[PlyCount "71"]
[Result "1-0"]

1.d4 g6 2.c4 d5 3.e3 c6 4.Nc3 Nf6 5.Nf3 Na6 6.cxd5 
cxd5 7.Ne5 Bf5 8.Bxa6 bxa6 9.Qa4+ Bd7 10.Nxd7 Nxd7 
11.Nxd5 Bh6 12.Qxa6 Nb6 13.Qb5+ Kf8 14.Nxb6 Qxb6 
15.Qxb6 axb6 16.b4 f5 17.a4 Kf7 18.Ke2 Rhe8 19.b5 
e5 20.Bb2 e4 21.Rhc1 Bf8 22.Rc6 Be7 23.Rxb6 Rec8 
24.Kd1 Rc4 25.a5 Bd8 26.Rb7+ Bc7 27.b6 Rb8 
28.Rxc7+ Rxc7 29.bxc7 Rc8 30.a6 Rxc7 31.a7 Rb7 
32.a8Q Rxb2 33.Qa7+ Kf6 34.h4 Ke6 35.Ra6+ Kd5 
36.Qc5+ 1-0

[Event "HCL-B092"]
[Site "www.playchess.de"]
[Date "2000.12.05"]
[Round "6"]
[White "BigToe"]
[Black "SAROS"]
[WhiteElo "1769"]
[BlackElo "1262"]
[PlyCount "35"]
[Result "1-0"]

1.Nf3 d5 2.d4 Bg4 3.Ne5 Be6 4.Nc3 Nd7 5.Bf4 Nxe5 
6.Bxe5 f6 7.Bg3 Nh6 8.Nb5 Kf7 9.Nxc7 Rc8 10.Nxe6 
Kxe6 11.Qd3 Kf7 12.O-O-O e6 13.e4 dxe4 14.Qxe4 Qb6 
15.d5 Re8 16.dxe6+ Rxe6 17.Bc4 Be7 
18.Rd6 1-0

[Event "HCL-B099"]
[Site "www.playchess.de"]
[Date "2000.12.05"]
[Round "2"]
[White "tim_danieli"]
[Black "Hubble"]
[WhiteElo "1844"]
[BlackElo "1731"]
[PlyCount "54"]
[Result "1/2-1/2"]

1.d4 d5 2.Nf3 e6 3.c4 Nf6 4.Nc3 Bb4 5.Bf4 Ne4 
6.Rc1 O-O 7.e3 Nd7 8.cxd5 Bxc3+ 9.bxc3 exd5 10.Qb3 
c6 11.Bd3 Ndf6 12.O-O Bg4 13.Rc2 Bxf3 14.gxf3 Nd6 
15.Bxd6 Qxd6 16.Qxb7 h5 17.h4 Nd7 18.Kg2 f5 
19.Bxf5 Nb6 20.e4 Qf6 21.Qc7 g6 22.Qg3 Rf7 23.Bh3 
Raf8 24.e5 Qxf3+ 25.Qxf3 R7xf3 26.Be6+ Kg7 27.Rh1 
R3f4 1/2-1/2

[Event "HCL-B101"]
[Site "www.playchess.de"]
[Date "2000.12.05"]
[Round "5"]
[White "wiseguy"]
[Black "jack-up"]
[WhiteElo "1964"]
[BlackElo "1424"]
[PlyCount "57"]
[Result "1-0"]

1.e4 c5 2.d4 cxd4 3.c3 e5 4.Nf3 Qa5 5.Bd2 Qb6 
6.Qc2 Nc6 7.Bc4 Bc5 8.O-O dxc3 9.Nxc3 Nd4 10.Nxd4 
Bxd4 11.Nd5 Qc6 12.Rac1 Rb8 13.Nc7+ Kf8 14.Bb4+ 
Ne7 15.Nb5 a6 16.Nxd4 exd4 17.Qd3 b6 18.Qxd4 Qg6 
19.Qe5 d6 20.Bxd6 Rb7 21.Bd5 Bh3 22.Qg3 Ra7 
23.gxh3 Ke8 24.Bxe7 Kxe7 25.Rc6 Qxg3+ 26.fxg3 f6 
27.e5 Rf8 28.Re6+ Kd7 29.Rxb6 1-0

[Event "HCL-B123"]
[Site "www.playchess.de"]
[Date "2000.12.05"]
[Round "3"]
[White "JAZZOW"]
[Black "Ludger"]
[WhiteElo "1200"]
[BlackElo "1500"]
[PlyCount "44"]
[Result "1/2-1/2"]

1.e4 d5 2.exd5 Nf6 3.d4 Bg4 4.f3 Bf5 5.c4 e6 
6.Qa4+ c6 7.dxe6 Qxd4 8.exf7+ Kxf7 9.Ne2 Qb6 
10.Qb3 Na6 11.Qxb6 axb6 12.Be3 Nb4 13.Na3 Rxa3 
14.bxa3 Nc2+ 15.Kd2 Nxa1 16.Nd4 Bg6 17.Bd3 Bxd3 
18.Kxd3 Bxa3 19.Rxa1 Rd8 20.Ke2 Bb2 21.Rd1 b5 
22.Nf5 Rxd1 1/2-1/2

[Event "HCL-B124"]
[Site "www.playchess.de"]
[Date "2000.12.05"]
[Round "5"]
[White "Bill"]
[Black "chrisg"]
[WhiteElo "1196"]
[BlackElo "1471"]
[PlyCount "70"]
[Result "0-1"]

1.e4 c6 2.d4 d5 3.exd5 cxd5 4.c4 Nf6 5.Nc3 g6 
6.Qb3 e6 7.Bg5 dxc4 8.Qb5+ Nc6 9.Ne4 Bb4+ 10.Nc3 
Qxd4 11.Qxc4 Ne4 12.a3 Bxc3+ 13.bxc3 Qxf2+ 14.Kd1 
Nxg5 15.Ra2 Qb6 16.h4 Qb1+ 17.Kd2 Ne4+ 18.Ke3 Qc1+ 
19.Kxe4 f5+ 20.Kd3 Qxf1+ 21.Ne2 Qxh1 22.Kd2 Qxg2 
23.Rb2 O-O 24.Kc1 Ne5 25.Qb5 Qe4 26.Rd2 Qe3 27.Kc2 
a6 28.Qb4 Nf3 29.Qf4 Qxd2+ 30.Qxd2 Nxd2 31.Kxd2 
Rd8+ 32.Ke3 b5 33.Nd4 e5 34.Nc6 f4+ 35.Ke4 
Bb7 0-1

[Event "HCL-B125"]
[Site "www.playchess.de"]
[Date "2000.12.05"]
[Round "20"]
[White "ggaarrii"]
[Black "RogerWillCo"]
[WhiteElo "1500"]
[BlackElo "1500"]
[PlyCount "65"]
[Result "1-0"]

1.e4 c5 2.Nf3 Nc6 3.d4 cxd4 4.Nxd4 g6 5.Bc4 Bg7 
6.Nxc6 bxc6 7.Bd2 Bxb2 8.Bc3 Bxa1 9.Bxa1 f6 10.O-O 
e6 11.Re1 Nh6 12.g4 g5 13.e5 O-O 14.exf6 d5 15.Bd3 
c5 16.Qf3 Rf7 17.Re5 Rxf6 18.Rxg5+ Rg6 19.Bf6 Qe8 
20.Bxg6 hxg6 21.Qh3 Kf7 22.Qxh6 Kxf6 23.Qh4 Kg7 
24.Qg3 Qe7 25.h4 Bd7 26.Qe3 Rg8 27.Rxd5 Kf7 
28.Qf4+ Kg7 29.Qe5+ Kf7 30.Qf4+ Kg7 31.Rg5 Kh7 
32.Nd2 Bc6 33.Ne4 1-0

[Event "HCL-B135"]
[Site "www.playchess.de"]
[Date "2000.12.05"]
[Round "29"]
[White "Deppenhaufen"]
[Black "dmitry"]
[WhiteElo "1500"]
[BlackElo "1389"]
[PlyCount "53"]
[Result "1-0"]

1.e4 e5 2.Nf3 Nc6 3.Bb5 a6 4.Ba4 Nf6 5.O-O b5 
6.Bb3 Be7 7.Re1 d6 8.c3 O-O 9.h3 Na5 10.Bc2 c5 
11.d4 Qc7 12.Nbd2 Bb7 13.Nf1 Rac8 14.d5 Rfd8 
15.Ne3 g6 16.Nh2 Bf8 17.Neg4 Bg7 18.Bg5 Qe7 19.Qf3 
h5 20.Nxf6+ Kh8 21.b3 b4 22.c4 Ba8 23.Nf1 Rdf8 
24.Ng3 Nb7 25.Ngxh5 Nd8 26.Nxg7 Kxg7 
27.Nh5+ 1-0

[Event "HCL-B137"]
[Site "www.playchess.de"]
[Date "2000.12.05"]
[Round "10"]
[White "peze"]
[Black "jabbaman"]
[WhiteElo "1904"]
[BlackElo "1293"]
[PlyCount "43"]
[Result "1-0"]

1.e4 d6 2.d4 g6 3.Nc3 Bg7 4.f4 Nf6 5.Nf3 O-O 6.Bd3 
Bg4 7.h3 Bxf3 8.Qxf3 Nbd7 9.e5 dxe5 10.dxe5 Ne8 
11.Be3 c6 12.h4 e6 13.h5 g5 14.Qe4 Nef6 15.exf6 
Nxf6 16.Qb4 gxf4 17.h6 Bh8 18.Qxf4 Re8 19.Qg5+ Kf8 
20.Bc5+ Re7 21.O-O b6 22.Rxf6 1-0

[Event "HCL-C045"]
[Site "www.playchess.de"]
[Date "2000.12.05"]
[Round "8"]
[White "Ewie"]
[Black "whizkid"]
[WhiteElo "630"]
[BlackElo "1000"]
[PlyCount "114"]
[Result "0-1"]

1.e4 e5 2.Nf3 Nc6 3.Bd3 Nf6 4.O-O Be7 5.Re1 O-O 
6.Nc3 d6 7.Nd5 Be6 8.c4 a6 9.Qb3 Bxd5 10.exd5 Nd4 
11.Nxd4 exd4 12.Re4 Nxe4 13.Bxe4 c6 14.Qh3 g6 
15.d3 f5 16.Bh6 fxe4 17.Re1 Rxf2 18.Kxf2 Bh4+ 
19.g3 Qf6+ 20.Kg2 Qf3+ 21.Kg1 Qh5 22.Qxh4 Qxh4 
23.gxh4 e3 24.dxc6 bxc6 25.Kg2 a5 26.Kg3 Kf7 
27.Kf4 Ke6 28.Re2 d5 29.cxd5+ Kxd5 30.Kg4 c5 
31.Bxe3 dxe3 32.Rxe3 Kd4 33.Rg3 Rf8 34.Kg5 Rf2 
35.Kh6 Rxh2 36.Rg4+ Kxd3 37.Ra4 c4 38.b3 c3 39.Rc4 
c2 40.Kxh7 Rh1 41.Kxg6 c1Q 42.Rxc1 Rxc1 43.h5 Rg1+ 
44.Kf7 Kc2 45.h6 Rh1 46.Kg7 Kb2 47.h7 Kxa2 48.h8Q 
Rxh8 49.Kxh8 Kxb3 50.Kg7 a4 51.Kf6 a3 52.Ke5 a2 
53.Kd5 a1Q 54.Kc5 Qd1 55.Kb5 Qd6 56.Ka5 Kc4 57.Ka4 
Qa6+ 0-1

[Event "HCL-C055"]
[Site "www.playchess.de"]
[Date "2000.12.05"]
[Round "3"]
[White "orange"]
[Black "German04"]
[WhiteElo "800"]
[BlackElo "1172"]
[PlyCount "73"]
[Result "1-0"]

1.e4 e5 2.Nf3 Nc6 3.d3 Nf6 4.Bg5 h6 5.Bh4 Be7 6.a3 
O-O 7.b4 d5 8.Nbd2 d4 9.Be2 b5 10.Qc1 a5 11.O-O 
axb4 12.axb4 Rxa1 13.Qxa1 Nxb4 14.Qb2 Be6 15.Nxe5 
c5 16.c3 dxc3 17.Qxc3 Qd4 18.Qxd4 cxd4 19.Ndf3 g5 
20.Bg3 Nh5 21.Nxd4 Nxg3 22.fxg3 Rb8 23.Kh1 Rb6 
24.Nxe6 Rxe6 25.d4 Rf6 26.Bxb5 Rxf1+ 27.Bxf1 Bf6 
28.Bc4 Bxe5 29.dxe5 Nc6 30.e6 f6 31.e7+ Kg7 32.e8Q 
Ne5 33.Ba2 h5 34.Be6 Kh6 35.Bf5 g4 36.Qh8+ Kg5 
37.Qg7+ 1-0

[Event "HCL-C076"]
[Site "www.playchess.de"]
[Date "2000.12.05"]
[Round "11"]
[White "MarcoPolo"]
[Black "CEAuke"]
[WhiteElo "1207"]
[BlackElo "947"]
[PlyCount "85"]
[Result "1-0"]

1.d4 d5 2.Nf3 Bf5 3.e3 Na6 4.Bd3 e6 5.Bd2 c5 
6.Bb5+ Ke7 7.Bxa6 bxa6 8.Ne5 Qc7 9.O-O cxd4 
10.Bb4+ Ke8 11.Nd3 Bxd3 12.cxd3 Bxb4 13.Qa4+ Kd8 
14.Qxb4 dxe3 15.fxe3 Nf6 16.Qd4 Qa5 17.Nc3 Qb6 
18.Rab1 Qxd4 19.exd4 Ke7 20.h3 h5 21.Rbe1 Rhb8 
22.Re2 Rb4 23.Rf4 Rab8 24.b3 g5 25.Rf3 Rxd4 
26.Ref2 Rc8 27.Ne2 Rc2 28.Nxd4 Rxf2 29.Nc6+ Kd6 
30.Rxf2 Kxc6 31.Rxf6 a5 32.Rxf7 a6 33.Rg7 Kc5 
34.Rxg5 a4 35.bxa4 Kb4 36.Rg6 a5 37.Rxe6 Kxa4 
38.Rd6 Ka3 39.Rxd5 a4 40.Ra5 Kb4 41.Ra8 a3 42.Rc8 
Ka5 43.Rb8 1-0

[Event "HCL-C104"]
[Site "www.playchess.de"]
[Date "2000.12.05"]
[Round "4"]
[White "Colm"]
[Black "mantis"]
[WhiteElo "1217"]
[BlackElo "1000"]
[PlyCount "41"]
[Result "1-0"]

1.d4 d5 2.c4 c6 3.Nf3 f5 4.Nc3 g6 5.Bf4 Nd7 6.cxd5 
Qa5 7.dxc6 Nb6 8.Qb3 bxc6 9.Ne5 Bb7 10.Qf7+ Kd8 
11.Qxf8+ Kc7 12.Qg7 Nf6 13.Nc4+ Qe5 14.Bxe5+ Kd7 
15.Nd6 Rhg8 16.Qh6 Rae8 17.Nxb7 Kc8 18.Nc5 Nc4 
19.Bxf6 e5 20.Qxh7 Red8 21.Qb7+ 1-0

[Event "HCL-C107"]
[Site "www.playchess.de"]
[Date "2000.12.05"]
[Round "28"]
[White "locko"]
[Black "whoopingfunst"]
[WhiteElo "743"]
[BlackElo "1000"]
[PlyCount "54"]
[Result "0-1"]

1.g3 d5 2.d4 Nc6 3.e3 Nf6 4.c4 Be6 5.Na3 dxc4 
6.Bxc4 Bg4 7.f3 Bh5 8.g4 Bg6 9.h4 h5 10.e4 e5 
11.dxe5 Qxd1+ 12.Kxd1 Rd8+ 13.Bd2 hxg4 14.Nb5 Nxe5 
15.Nxc7+ Kd7 16.Nb5 Nxc4 17.e5 Nxe5 18.fxg4 Nfxg4 
19.Rc1 Nf2+ 20.Ke2 Nxh1 21.Rc7+ Ke8 22.Rxb7 Rxh4 
23.Nc7+ Kd7 24.Nd5+ Kc6 25.Rb4 Bh5+ 26.Ke3 Bxb4 
27.Ne7+ Bxe7 0-1

[Event "HCL-C112"]
[Site "www.playchess.de"]
[Date "2000.12.05"]
[Round "1"]
[White "sonnyspock"]
[Black "orange"]
[WhiteElo "1188"]
[BlackElo "853"]
[PlyCount "71"]
[Result "1-0"]

1.e4 e6 2.d4 d5 3.Nc3 Nf6 4.Bg5 Bb4 5.e5 h6 6.Bh4 
Nbd7 7.exf6 Nxf6 8.Nf3 c5 9.dxc5 Bxc5 10.Bb5+ Bd7 
11.Bxd7+ Qxd7 12.Bxf6 gxf6 13.Qe2 a6 14.O-O-O Rg8 
15.g3 b5 16.Nxd5 Be7 17.Nxf6+ Bxf6 18.Rxd7 Kxd7 
19.Ne5+ Bxe5 20.Qxe5 Rg5 21.Rd1+ Ke7 22.Qd6+ Kf6 
23.f4 Rgg8 24.Qe5+ Ke7 25.f5 Rad8 26.f6+ Ke8 
27.Rxd8+ Kxd8 28.Qb8+ Kd7 29.Qxg8 a5 30.Qxf7+ Kd6 
31.Qe7+ Kd5 32.f7 Ke5 33.f8Q b4 34.Qff6+ Kd5 
35.Qexe6+ Kc5 36.Qec6+ 1-0

[Event "HCL-C126"]
[Site "www.playchess.de"]
[Date "2000.12.05"]
[Round "7"]
[White "king"]
[Black "dg"]
[WhiteElo "1000"]
[BlackElo "800"]
[PlyCount "66"]
[Result "0-1"]

1.e4 e5 2.Nf3 Nc6 3.d4 f6 4.dxe5 Nxe5 5.Bb5 a6 
6.Nxe5 fxe5 7.Be2 Nf6 8.Nc3 h6 9.Qd3 d6 10.Nd5 Be6 
11.Qc4 c6 12.Nxf6+ Qxf6 13.Qb4 b5 14.Qc3 c5 15.O-O 
Be7 16.f4 exf4 17.Rxf4 Qxc3 18.bxc3 Bf6 19.Rf3 O-O 
20.g3 Bg4 21.Rf2 Bxc3 22.Rb1 Bd4 23.Bxg4 Rxf2 
24.c3 Rb2+ 25.cxd4 Rxb1 26.Be6+ Kf8 27.e5 Rxc1+ 
28.Kg2 dxe5 29.dxe5 c4 30.Bd5 Rd8 31.Be4 g5 32.e6 
g4 33.h3 Rd2+ 0-1

[Event "HCL-C129"]
[Site "www.playchess.de"]
[Date "2000.12.05"]
[Round "14"]
[White "waxneedles"]
[Black "Chill"]
[WhiteElo "816"]
[BlackElo "1000"]
[PlyCount "30"]
[Result "0-1"]

1.d4 e6 2.e4 d5 3.Nd2 Bb4 4.c3 Ba5 5.Qe2 c6 6.exd5 
Qxd5 7.Qc4 Nf6 8.Ngf3 O-O 9.b4 Bc7 10.Qd3 Re8 
11.Be2 Nbd7 12.O-O Nf8 13.c4 Qh5 14.g3 Ng4 15.Ne1 
Qxh2+ 0-1

[Event "HCL-C135"]
[Site "www.playchess.de"]
[Date "2000.12.05"]
[Round "21"]
[White "Smutje"]
[Black "German04"]
[WhiteElo "366"]
[BlackElo "1236"]
[PlyCount "34"]
[Result "0-1"]

1.e4 e5 2.h4 Nf6 3.Rh3 d5 4.exd5 Bxh3 5.Nxh3 Bd6 
6.c4 O-O 7.Bd3 Nbd7 8.Ng5 Nc5 9.Bc2 Re8 10.b4 Na6 
11.c5 Be7 12.Bb2 Nxb4 13.Bf5 Qxd5 14.a3 Nd3+ 
15.Kf1 Qc4 16.Qe2 Qxh4 17.Bxd3 
Qh1+ 0-1

[Event "HCL-C137"]
[Site "www.playchess.de"]
[Date "2000.12.05"]
[Round "20"]
[White "dg"]
[Black "Ewie"]
[WhiteElo "1132"]
[BlackElo "645"]
[PlyCount "53"]
[Result "1-0"]

1.e4 e5 2.Nf3 Nc6 3.Bb5 Nf6 4.Bxc6 dxc6 5.Nc3 b5 
6.Nxe5 Bd6 7.Nxc6 Qd7 8.Nd4 Rb8 9.d3 Bb4 10.Nde2 
O-O 11.a3 Bxc3+ 12.Nxc3 a5 13.Bf4 Qg4 14.Qxg4 Nxg4 
15.Bxc7 Rb7 16.Bxa5 f5 17.h3 Nxf2 18.Kxf2 fxe4+ 
19.Ke3 exd3 20.cxd3 Re7+ 21.Ne4 Rfe8 22.Rhf1 h6 
23.Bb4 Rf7 24.Rxf7 Kxf7 25.Rf1+ Kg6 26.Kd2 Bb7 
27.Nd6 1-0

[Event "HCL-C138"]
[Site "www.playchess.de"]
[Date "2000.12.05"]
[Round "5"]
[White "chipc"]
[Black "dg"]
[WhiteElo "667"]
[BlackElo "1049"]
[PlyCount "56"]
[Result "0-1"]

1.e4 e5 2.Nf3 Nc6 3.Bc4 h6 4.Nc3 Nf6 5.Nd5 Nxd5 
6.Bxd5 Ne7 7.Nxe5 Nxd5 8.exd5 Qe7 9.Qe2 d6 10.d4 
dxe5 11.dxe5 f6 12.Bf4 g5 13.Bg3 Bf5 14.O-O-O Kd8 
15.f4 gxf4 16.Bxf4 Bg7 17.e6 h5 18.Rhg1 Bh6 
19.Qxh5 Bxf4+ 20.Kb1 Rxh5 21.g3 Be5 22.g4 Bxc2+ 
23.Kxc2 Rxh2+ 24.Kd3 Qh7+ 25.Kc4 Qc2+ 26.Kb5 Qxb2+ 
27.Ka4 a5 28.Rdb1 b5+ 0-1

[Event "HCL-C138"]
[Site "www.playchess.de"]
[Date "2000.12.05"]
[Round "14"]
[White "Translightor"]
[Black "chipc"]
[WhiteElo "1000"]
[BlackElo "667"]
[PlyCount "41"]
[Result "1-0"]

1.e4 e5 2.Nf3 Nc6 3.Bb5 Qf6 4.Nc3 Nb4 5.a3 c6 
6.axb4 cxb5 7.Nxb5 Kd8 8.d4 Qa6 9.Rxa6 bxa6 10.Nc3 
Bxb4 11.Nxe5 Ke8 12.Qf3 f6 13.Qh5+ g6 14.Nxg6 Ne7 
15.Nxh8+ Kd8 16.Bf4 Bb7 17.Qf7 Nc6 18.d5 Nd4 19.d6 
Ne6 20.Qg8+ Nf8 21.Qxf8+ 1-0

[Event "HCL-E011"]
[Site "www.playchess.de"]
[Date "2000.12.05"]
[Round "16"]
[White "kingup"]
[Black "Exchange_with_Tempo"]
[WhiteElo "2000"]
[BlackElo "2115"]
[PlyCount "43"]
[Result "1/2-1/2"]

1.e4 c6 2.d4 d5 3.Nc3 dxe4 4.Nxe4 Nd7 5.Bd3 Ngf6 
6.Ng5 e6 7.Qe2 Bd6 8.N1f3 h6 9.Ne4 Nxe4 10.Qxe4 
Nf6 11.Qe2 Qc7 12.c4 b6 13.Bd2 Bb7 14.b4 O-O 15.h3 
c5 16.bxc5 bxc5 17.dxc5 Bxc5 18.O-O Rfd8 19.Bc3 
Nh5 20.Be5 Bd6 21.Bxd6 Qxd6 22.Be4 1/2-1/2

[Event "HCL-M002"]
[Site "www.playchess.de"]
[Date "2000.12.05"]
[Round "14"]
[White "dpschreber"]
[Black "Sebastian"]
[WhiteElo "2200"]
[BlackElo "2200"]
[PlyCount "27"]
[Result "1-0"]

1.e4 g6 2.d4 Bg7 3.Nf3 c6 4.c3 d5 5.Nbd2 Bg4 6.Bd3 
e6 7.Qb3 Bxf3 8.Nxf3 Nd7 9.Qxb7 Ndf6 10.Qxc6+ Nd7 
11.Bg5 Qb8 12.Bb5 a6 13.Qxd7+ Kf8 
14.Bc6 1-0

[Event "HCL-M008"]
[Site "www.playchess.de"]
[Date "2000.12.05"]
[Round "6"]
[White "catalan"]
[Black "schach"]
[WhiteElo "2200"]
[BlackElo "2200"]
[PlyCount "27"]
[Result "1-0"]

1.d4 d5 2.c4 c6 3.Nc3 Nf6 4.e3 a6 5.a4 Bf5 6.Qb3 
Qd7 7.a5 dxc4 8.Bxc4 Be6 9.Bxe6 fxe6 10.Nf3 Nd5 
11.Na4 Qc7 12.Nc5 Nd7 13.Nxe6 Qd8 
14.Nxd8 1-0

[Event "ACL-A024"]
[Site "www.playchess.de"]
[Date "2000.12.05"]
[Round "7"]
[White "Al-azmi"]
[Black "MarkusSSG"]
[WhiteElo "1500"]
[BlackElo "1500"]
[PlyCount "83"]
[Result "1-0"]

1.d4 Nf6 2.c4 g6 3.Nc3 Bg7 4.e4 d6 5.Nf3 O-O 6.Be2 
e5 7.O-O Nbd7 8.Be3 Qe7 9.Qc2 c6 10.Rad1 exd4 
11.Nxd4 Re8 12.f3 Ne5 13.Rfe1 a6 14.Bf1 c5 15.Nb3 
Be6 16.Nd2 Qc7 17.Kh1 b6 18.b3 Re7 19.Ndb1 Rd8 
20.Qd2 Nc6 21.Nd5 Bxd5 22.cxd5 Nb8 23.a4 Nfd7 
24.Na3 Rf8 25.Rdc1 f5 26.Bg5 Ree8 27.exf5 Rxe1 
28.Rxe1 Rxf5 29.Re8+ Bf8 30.f4 Nf6 31.Re6 Qf7 
32.Bd3 Nxd5 33.Bxf5 Qxf5 34.Re8 Nd7 35.Rd8 N5f6 
36.Qxd6 Kf7 37.Qd1 h6 38.Bxf6 Nxf6 39.Qf1 Be7 
40.Nc4 Qe4 41.Rd6 Kg7 42.Rxb6 1-0

[Event "ACL-A051"]
[Site "www.playchess.de"]
[Date "2000.12.05"]
[Round "27"]
[White "u2krazie"]
[Black "Goofy"]
[WhiteElo "996"]
[BlackElo "1741"]
[PlyCount "48"]
[Result "0-1"]

1.e4 e6 2.d4 d5 3.exd5 exd5 4.Bd3 Bd6 5.h3 Ne7 
6.Nf3 f6 7.O-O O-O 8.c3 Bf5 9.Be3 Re8 10.Bc2 Nd7 
11.Nbd2 Nf8 12.Nh4 Bxc2 13.Qxc2 Nfg6 14.Nf5 Nxf5 
15.Qxf5 c6 16.Nf3 Qc7 17.Qc2 Re7 18.Rab1 Rae8 
19.b4 Bf4 20.Bxf4 Nxf4 21.b5 cxb5 22.Rxb5 b6 
23.Nh4 Ne2+ 24.Kh1 Nxd4 0-1

[Event "ACL-A051"]
[Site "www.playchess.de"]
[Date "2000.12.05"]
[Round "34"]
[White "Goofy"]
[Black "class58"]
[WhiteElo "1741"]
[BlackElo "1500"]
[PlyCount "69"]
[Result "1-0"]

1.d4 Nc6 2.Nf3 d5 3.c4 g6 4.cxd5 Qxd5 5.Nc3 Qa5 
6.Bd2 e6 7.e4 Qb6 8.Na4 Qb4 9.Bxb4 Bxb4+ 10.Nc3 
Nf6 11.Qc2 O-O 12.a3 Bxc3+ 13.bxc3 a6 14.h4 b5 
15.Bd3 Bb7 16.e5 Ng4 17.h5 Ne7 18.Qd2 Nf5 19.Qg5 
Bxf3 20.gxf3 Ngh6 21.hxg6 fxg6 22.Rxh6 Nxh6 
23.Qxh6 Rf7 24.Ke2 Raf8 25.Rh1 Rg7 26.Rh4 Rff7 
27.Be4 Rfe7 28.Rf4 a5 29.Rf6 Rgf7 30.Bxg6 hxg6 
31.Rxg6+ Rfg7 32.Rxg7+ Rxg7 33.Qxe6+ Kh7 34.Qf5+ 
Kg8 35.e6 1-0

[Event "ACL-A053"]
[Site "www.playchess.de"]
[Date "2000.12.05"]
[Round "1"]
[White "hun"]
[Black "player27"]
[WhiteElo "1605"]
[BlackElo "1619"]
[PlyCount "79"]
[Result "1/2-1/2"]

1.e4 e5 2.Nc3 Nf6 3.Nf3 Nc6 4.a3 Bc5 5.b4 Bb6 
6.Bc4 a6 7.Nd5 Nxe4 8.Nxb6 cxb6 9.Qe2 d5 10.Bxd5 
Qxd5 11.c4 Qe6 12.Qxe4 f5 13.Qe3 e4 14.Ng5 Qxc4 
15.Bb2 O-O 16.Qxb6 Qd3 17.Qe3 Rd8 18.Qxd3 Rxd3 
19.Rc1 Rb3 20.Rb1 Ne5 21.O-O Nd3 22.Bc3 Rxa3 23.b5 
a5 24.Nh3 f4 25.Ng5 Bf5 26.b6 h6 27.g4 Bxg4 
28.Nxe4 Bh3 29.Rfd1 Bg4 30.Rba1 Rb3 31.Rdb1 Rxb1+ 
32.Rxb1 a4 33.Kg2 Be6 34.Rg1 g5 35.f3 Ra6 36.Bd4 
Kf8 37.Kf1 a3 38.Ke2 Bc4 39.Nd6 Nc1+ 
40.Kf2 1/2-1/2